000 00883nam a22001935i 4500
001 151633
003 ES-MaACL
005 20231103062534.0
008 990917m18981902fr |||| | fre d
100 1 _aAulard, A.
_9218039
245 1 0 _aParis pendant la réaction thermidorienne et sous le directoire /
_crecueil de documents pour l'histoire de l'esprit public a Paris par A. Aulard.
260 _aParis :
_bLibrairie Léopold Cerf :
_bLibrairie Noblet :
_bMaison Quantin,
_c1898-1902.
300 _a5 v. ;
_c26 cm.
490 1 _aCollection de documents relatifs a l'histoire de Paris pendant la Revolution Française
651 4 _aFrancia-
_xHistoria-
_y1789-1799, Revolución
_98685
830 0 _aCollection de documents relatifs a l'histoire de Paris pendant la Revolution Française
_9221251
852 _aES-MaACL
_jB-4493-96
_q- Falta el v. IV
999 _c151633
_d151633